| 000 | 00618nam a2200205Ia 4500 | ||
|---|---|---|---|
| 008 | 191130s2007##################000#0#eng## | ||
| 020 | _a9780195691801 | ||
| 040 |
_aACL _cACL |
||
| 082 | _a005.54 WHI | ||
| 100 | _aWhigham, David | ||
| 245 |
_aBusiness data analysis using Excel _cDavid Whigham |
||
| 260 |
_aOxford _bOxford University Press _c2007 |
||
| 300 | _axiv, 293 p. : ill. ; 25 cm. | ||
| 500 | _aIncludes index | ||
| 650 | _aBusiness mathematics - Computer programs | ||
| 650 | _aMicrosoft Excel (Computer file) | ||
| 990 | _ae376fd94ac10000c13d654c70303dd99 | ||
| 991 | _a372857 | ||
| 999 |
_c249217 _d249217 |
||